000 00740nam0a22002291 4500
001 rc\2721179
005 20110915164122.6
035 _a(NLR Aleph) 006848847
090 _a6724477
_c6724477
100 _a20110915d1938 |||y0rusy50 ca
101 0 _arus
102 _aRU
105 _ay z |||||
200 1 _aОрганизация и техника вычитки оригинала
_fМ. И. Уаров
_gМоск. заоч. полигр. техникум
210 _aМосква
_cТип. газ. "Индустрия"
_d1938
215 _a30 с.
_d21 см.
700 1 _aУаров
_bМ. И.
_gМихаил Ильич
801 0 _aRU
_bNLR
_gpsbo
801 1 _aRU
_bELAR
_2rusmarc
852 _aNLR
_j38-10/2275
942 _cBOOK
980 _aNB